000 00758nam a2200241 i 4500
003 DO-SdBNP
005 20250217135834.0
008 250217b2013 dr ||||| |||| 00| 0 spa d
040 _aDO-Sdbnp
_bspa
_cBNPHU
_erda
082 4 _axxx
_bJ76b
_222
100 _aJones, Johnny,
_eautor
_4aut.
_929835
245 1 0 _aBautizo de cenizas /
_cJohnny Jones
250 _atercera edición
264 _aSanto Domingo :
_bEditora Santuario,
_c2013.
300 _a329 páginas ;
_c23 cm.
336 _atexto
_btxt
_2rdacontent
337 _asin mediación
_bn
_2rdamedia
338 _avolumen
_bnc
_2rdacarrier
500 _aIncluye datos biográficos del autor en la solapa de la cubierta
590 _aInventariado, 2025/BT
910 _aBtavárez
942 _2ddc
_cLBS1
999 _c58122
_d58122